000 01960nam a2200337 i 4500
999 _c65391
_d65391
001 768714001
003 CO-MdFUSB
005 20200219172706.0
008 200219t2011 sp |||| |||| 00| 0 spa d
020 _a9788499421209
040 _aCO-MdFUSB
_bspa
_cCO-MdFUSB
_dCO-MdFUSBC
_erda
041 _aspa
082 _223
_a320.98
_bSA172e
100 _aSalmón, Christian.
_eautor
245 3 _aLa estrategia de Sherezade :
_bapostillas a Storytelling.
_c/ Christian Salmon ; traducido por Inés Bértolo ; prologuista Miguel Roig
250 _aPrimera edición
264 1 _aEspaña :
_bPenínsula,
_c[2011]
264 4 _c© 2011
300 _a169 páginas
_c; 21 cm
336 _2rdacontent
_atexto
_btxt
337 _2rdamedia
_asin mediación
_bn
338 _2rdacarrier
_avolumen
_bnc
490 _aAtalaya
505 _aDel príncipe y de sus apariciones públicas. -- Maquiavelo en el país de las Maravillas. -- El síndrome del mago de Oz. -- De las victorias electorales logradas con las armas del relato y la emoción. -- De cómo el príncipe debe ser un estratega del inconsciente. -- De cómo el príncipe debe narrar sus propias historias , todas verídicas y auténticas. -- De la virilidad de las mujeres políticas. -- Del cuerpo flexible del principe y de su andar. -- Sor Sarah y Ama Palin. -- La second life de lo político. -- Del bovarysmo político. -- De un príncipe "famillonario". -- De cómo se accede al poder gracias a la fórmula del cuadrado mágico. -- De la conquista de los cerebros. -- De cómo el príncipe debe luchar contra la "infobesidad" de sus sujetos. -- De los príncipes chinos que hicieron fortunas creando mitos. -- De cómo un príncipe carismático puede perder su aura. -- De un mundo sin historias.
650 7 _2embne
_92578
_aPolítica social
700 _92884
_aBértolo, Inés.
_eTraductor
700 _92885
_aRoig, Miguel.
_eProloguista
830 _a441
942 _cBK
945 _aJTF-925